Представление документа в формате MARC21

Поле Инд. ПП Название Значение
Тип записи a
Библиографический уровень m
001 Контрольный номер b76c01296aa041de8f5f12522cd00756
005 Дата корректировки 20220414214354.6
008 Кодируемые данные 220406|||||||||ru |||||||||||||||||rus||
020 a ISBN 978-5-4469-0285-9
040 b Код языка каталог. rus
041 0_ a Код языка текста rus
084 a Индекс другой классификации/Индекс ББК 63.3(2Рос-4Мур)+63.3(2Рос-4Мур)622,82
090 a Полочн. индекс 63.3(2Рос-4Мур)
x Авторский знак О-65
100 1_ a Автор Орешета М. Г.
203 a Вид содержания Текст
c Тип средства непосредственное
245 10 a Заглавие Рыбачий
260 a Место издания Санкт-Петербург
b Издательство Нестор-История
c Дата издания 2014
300 a Объем 261, [1] с.
b Иллюстрации/ тип воспроизводства ил., портр.
440 _0 a Серия Серия "Осиротевшие берега"
504 a Библиография Библиография: с. 261
650 04 a Основная рубрика Великая Отечественная война, 1941-1945-Мурманская область
650 04 a Основная рубрика Рыбачий, полуостров (Кольский полуостров)-История
651 _4 a Географическое наименование Мурманская область
651 _4 a Географическое наименование Рыбачий, полуостров
651 _4 a Географическое наименование Средний, полуостров
653 0_ a Ключевые слова Великая Отечественная война 1941-1945 гг.
a Ключевые слова Воспоминания о войне
a Ключевые слова История Мурманской области
a Ключевые слова Краеведение
900 a Имя макрообъекта Орешета Рыбачий
901 t Тип документа m